000 00585cam a2200193 a 4500
001 000018553
005 20200929165825.0
008 750905s1967 fr 000 f fre d
040 _aDO-SdBNP
_bfre
_cLC
_dBNPHU
082 _a843.914
_bC978j
100 1 _aCurtis, Jean-Louis,
_d1917-1995.
_940123
245 1 3 _aUn jeune couple :
_broman /
_cJean-Louis Curtis.
260 _aParis :
_bFrence Loisirs,
_c1967.
300 _a189 p. ;
_c21 cm.
650 4 _aNovela francesa
_91075
650 4 _aLiteratura francesa
_ySIGLO XX
_94232
910 _aCatalogación derivada / LC
049 _aBNGR
999 _c18073
_d18073